La respuesta del derecho penal ante los nuevos retos (Registro nro. 158636)
[ vista simple ]
| 000 -LEADER | |
|---|---|
| fixed length control field | 01980ny a22003973n 4500 |
| 008 - FIXED-LENGTH DATA ELEMENTS--GENERAL INFORMATION | |
| fixed length control field | 080912s2006 sp s 101 0 spa c |
| 020 ## - INTERNATIONAL STANDARD BOOK NUMBER | |
| International Standard Book Number | 8497728262 |
| 035 ## - | |
| -- | 1407 |
| 040 ## - CATALOGING SOURCE | |
| Original cataloging agency | UMA.DER |
| Modifying agency | UMA.REA |
| -- | vLex |
| 080 ## - | |
| -- | 343(063) |
| 090 ## - | |
| -- | 97 |
| -- | 97 |
| 111 2# - | |
| -- | Jornadas de Profesores y Estudiantes de Derecho Penal de la Universidades de Madrid |
| -- | (9. |
| -- | Madrid. |
| -- | 2005) |
| 245 13 - TITLE STATEMENT | |
| Title | La respuesta del derecho penal ante los nuevos retos |
| Medium | [Recurso electrónico] |
| Remainder of title | IX Jornadas de profesores y estudiantes de derecho penal de las universidades de Madrid, celebradas en la Universidad Rey Juan Carlos los días 8,9 y 10 de marzo de 2005 / |
| Statement of responsibility, etc | director Antonio Cuerda Riezu ; coordinador Rafael Alcácer Guirao...[et al.] |
| 256 ## - | |
| -- | Servicio en línea |
| 260 ## - PUBLICATION, DISTRIBUTION, ETC. (IMPRINT) | |
| Place of publication, distribution, etc | Madrid : |
| Name of publisher, distributor, etc | Dykinson, |
| Date of publication, distribution, etc | D.L. 2006 |
| 300 ## - PHYSICAL DESCRIPTION | |
| Extent | 592 p. ; |
| Dimensions | 24 cm |
| 504 ## - BIBLIOGRAPHY, ETC. NOTE | |
| Bibliography, etc | Incluye referencias bibliográficas |
| 506 1# - RESTRICTIONS ON ACCESS NOTE | |
| Terms governing access | Contenido solo disponible en los productos indicados |
| Authorized users | vLex Global |
| -- | vLex Global (Academic Edition, excluding Law Schools) |
| -- | vLex Global (U.S. Academic Edition, Law Schools) |
| -- | vLex Global (U.S. Academic Edition, excluding Law Schools) |
| -- | vLex Global (Academic Edition, Law Schools) |
| 650 07 - SUBJECT ADDED ENTRY--TOPICAL TERM | |
| Topical term or geographic name as entry element | Penal |
| Source of heading or term | Tesauro vLex |
| 650 07 - SUBJECT ADDED ENTRY--TOPICAL TERM | |
| Topical term or geographic name as entry element | Convenios de extradición |
| Source of heading or term | Tesauro vLex |
| 650 07 - SUBJECT ADDED ENTRY--TOPICAL TERM | |
| Topical term or geographic name as entry element | Procedimiento de extradición |
| Source of heading or term | Tesauro vLex |
| 650 07 - SUBJECT ADDED ENTRY--TOPICAL TERM | |
| Topical term or geographic name as entry element | Delitos contra la comunidad internacional |
| Source of heading or term | Tesauro vLex |
| 650 07 - SUBJECT ADDED ENTRY--TOPICAL TERM | |
| Topical term or geographic name as entry element | Ilícito internacional |
| Source of heading or term | Tesauro vLex |
| 650 07 - SUBJECT ADDED ENTRY--TOPICAL TERM | |
| Topical term or geographic name as entry element | Penas |
| Source of heading or term | Tesauro vLex |
| 650 07 - SUBJECT ADDED ENTRY--TOPICAL TERM | |
| Topical term or geographic name as entry element | Teoría jurídica del delito |
| Source of heading or term | Tesauro vLex |
| 650 07 - SUBJECT ADDED ENTRY--TOPICAL TERM | |
| Topical term or geographic name as entry element | Delitos |
| Source of heading or term | Tesauro vLex |
| 650 07 - SUBJECT ADDED ENTRY--TOPICAL TERM | |
| Topical term or geographic name as entry element | Delitos contra el medio ambiente |
| Source of heading or term | Tesauro vLex |
| 650 07 - SUBJECT ADDED ENTRY--TOPICAL TERM | |
| Topical term or geographic name as entry element | Derecho penal |
| Source of heading or term | Tesauro vLex |
| 650 07 - SUBJECT ADDED ENTRY--TOPICAL TERM | |
| Topical term or geographic name as entry element | Política criminal y criminología |
| Source of heading or term | Tesauro vLex |
| 700 1# - ADDED ENTRY--PERSONAL NAME | |
| Personal name | Alcácer Guirao, Rafael |
| 700 1# - ADDED ENTRY--PERSONAL NAME | |
| Personal name | Cuerda Riezu, Antonio |
| 740 0# - | |
| -- | vLex Libros (Servicios en línea) |
| 856 40 - LOCALIZACIÓN Y ACCESO ELECTRÓNICO | |
| Identificador Uniforme del Recurso (URI/URL) | https://app.vlex.com/#/sources/1407 |
| 942 ## - | |
| -- | RAA |
| 999 ## - | |
| -- | 158636 |
| -- | 158636 |
No hay ítems disponibles.